The Trials of Apollo: the Dark Prophecy - Statistics

General Stats
  • This quiz has been taken 10 times
  • The average score is 8 of 15
Answer Stats
Hint Answer % Correct
Which emperor has claimed the Midwest? Commodus
88%
What is Emmie and Josephine's haven for demigods? The Waystation
88%
Who is the foster daughter of Emmie and Josephine? Georgina
75%
What were Emmie and Josephine before leading theWaystation? Hunters of Artemis
63%
What polite monsters did Apollo, Leo, and Calypsoface when arriving in Indianapolis? Blemmyae
50%
Who is the goddess of nets that visited the Waystation? Britomartis
50%
What species are Heloise and Abelard? Griffins
50%
Who was the she-elephant imprisoned by Commodus? Livia
50%
What was the name of the dracaena that was imprisoned by Commodus? Sssarah
50%
Who is the son of Midas and Demeter who Commodus employed? Lityerses
38%
Who is the Yoruba demigod who finds himself intertwined with the Greco-Roman pantheon? Olujime
38%
What form was the Dark Prophecy in? Shakespereansonnet
38%
Who is the Dark Oracle whose spirit resides in a blue cave? Trophonius
38%
Who is the half-brother of the Dark Oracle, whose orange ghost resides in the Waystation? Agamethus
25%
The throne of which Titaness did Apollo and Meg need to locate? Mnemosyne
25%
No matching quizzes found
Score Distribution
Percent of People with Each Score
Percentile by Number Answered
Your Score History
You have not taken this quiz